000
00299nam a2200109Ia 4500
008
220204s9999 xx 000 0 und d
082
_a
631.4(038)
_b
SOI
245
0
_a
Glossary of soil science terms
260
_a
USA
_b
Soil science soc of America
_c
1973
650
_a
Soil science glossary
942
_c
BK
999
_c
22520
_d
22520